MARC

LEADER 00000nam0a2200000 4500
001 294257
005 20231102000658.0
020 |a RU  |b 84-22565 
035 |a (RuTPU)RU\TPU\book\319312 
090 |a 294257 
100 |a 20150512d1984 km a0rusy5003 ca 
101 0 |a rus 
102 |a RU 
105 |a a z 001zy 
200 1 |a Методы и техника радиолокационного распознавания  |f В. Г. Небабин, В. В. Сергеев 
210 |a Москва  |c Радио и связь  |d 1984 
215 |a 152 с.  |c ил. 
320 |a Библиогр.: с. 145-150 
606 1 |a Радиолокационная техника  |2 stltpush  |3 (RuTPU)RU\TPU\subj\22760  |9 47462 
610 1 |a радиолокационные сигналы 
610 1 |a обнаружение 
610 1 |a распознавание 
610 1 |a методы 
610 1 |a многочастотные сигналы 
610 1 |a узкополосные сигналы 
610 1 |a широкополосные сигналы 
675 |a 621.396.96  |z rus  |v 3 
700 1 |a Небабин  |b В. Г.  |g Виктор Георгиевич  |4 070 
701 1 |a Сергеев  |b В. В.  |g Владимир Васильевич  |4 070 
801 0 |a RU  |b RuMRKP  |c 19950704  |g psbo 
801 1 |a RU  |b 63413507  |c 20150512 
801 2 |a RU  |b 63413507  |c 20190129  |g RCR 
942 |c BK